000 00966nam a2200289 i 4500
001 000025983
003 DO-SdBNP
005 20251015090843.0
007 ta
008 110225s1979 dr 000 0 spa d
040 _aDO-SdBNP
_bspa
_cBNPHU
_erda
041 _aspa
082 _axxxx
_bR896c
_222
100 1 _aRubio Vicente
_d1923-2006.
_cfray
_eautor
_952883
245 1 4 _aLas casas morada del secretario Diego Caballero /
_cFray vicente Rubio.
264 _aSanto Domingo :
_bFundación García Arévelo,
_c1979.
300 _a60 páginas :
_bilustracciones ;
_c22 cm.
336 _ardacontent
_btexto
_2txt
337 _ardamedia
_bsin mediación
_2n
338 _ardacarrier
_bvolumen
_2nc
490 1 _aSerie monográfica - Fundación García-Arévalo ;
500 _aIncluye notas al pie de las páginas
590 _anventariado, 2025/DG
830 0 _aSerie monográfica - Fundación García-Arévalo ;
_v11
_952884
910 _aDG
942 _2ddc
_cLBS1
999 _c25475
_d25475